| 000 | 00406nam a2200145Ia 4500 | ||
|---|---|---|---|
| 041 | _aArabic | ||
| 082 | _a351 cut-242 ع | ||
| 100 | _a20260118u\\\\\\\\\\\y0engy0103\\\\ba | ||
| 100 | _aد.عبدالغني بسيوني عبدالله | ||
| 245 | 0 | _aالقضاء الاداري | |
| 250 | _aط1 | ||
| 260 |
_bمنشاة المعارف للنشر _aالاسكندرية |
||
| 300 | _a743 | ||
| 942 | _cBk | ||
| 999 |
_c187943 _d187943 |
||